Statistics for Nebraska Counties Quiz

Click here to take the quiz!

General Stats

  • This quiz has been taken 3,986 times
  • The average score is 49 of 93

Answer Stats

County % Correct
Lincoln
87%
Douglas
78%
Washington
77%
Cherry
77%
Adams
76%
Jefferson
72%
Lancaster
71%
Madison
71%
Sioux
70%
Johnson
66%
Sarpy
64%
Custer
64%
Scotts Bluff
64%
Grant
63%
Polk
62%
Platte
62%
Hamilton
61%
Buffalo
61%
Franklin
60%
York
60%
Brown
60%
Cass
59%
Keya Paha
59%
Kearney
58%
Arthur
57%
Knox
56%
Box Butte
56%
Otoe
56%
Wayne
55%
Hall
55%
Cheyenne
55%
Dodge
54%
Dakota
54%
Holt
53%
Seward
53%
Sheridan
53%
Gage
53%
Garfield
52%
Saunders
52%
Antelope
52%
Rock
52%
Nemaha
52%
Pierce
52%
Kimball
51%
Clay
51%
Pawnee
50%
Hooker
50%
Hayes
50%
Dawson
50%
Boyd
50%
Keith
49%
Chase
49%
Dawes
49%
Garden
49%
Red Willow
49%
Fillmore
49%
Richardson
48%
Sherman
48%
Deuel
48%
Logan
47%
Perkins
47%
Dixon
47%
Thurston
47%
Boone
47%
Loup
47%
Thomas
47%
Butler
47%
Banner
47%
Cedar
46%
Saline
45%
Cuming
45%
Dundy
45%
Merrick
45%
McPherson
45%
Greeley
44%
Furnas
44%
Morrill
44%
Burt
44%
Blaine
44%
Howard
43%
Colfax
43%
Hitchcock
42%
Webster
42%
Thayer
42%
Nance
42%
Frontier
42%
Valley
42%
Harlan
42%
Wheeler
41%
Phelps
40%
Stanton
39%
Gosper
39%
Nuckolls
38%

Score Distribution

Percentile by Number Answered

Percent of People with Each Score

Your Score History

You have not taken this quiz